Revista ambiente & água an interdisciplinary journal of applied science.
| Format: | Electronic Journal |
|---|---|
| Language: | Portuguese English Spanish |
| Published: |
Taubaté :
Curso de Pós-Graduação em Ciências Ambientais da Universidade de Taubaté
|
| Subjects: | |
| Online Access: | Full text available from Research Library: 01/01/2011 to present |
MARC
| LEADER | 00000nas a2200000 a 4500 | ||
|---|---|---|---|
| 001 | ssj0066380 | ||
| 003 | WaSeSS | ||
| 005 | 20200512172242.0 | ||
| 006 | m d | ||
| 007 | cr n | ||
| 008 | 080829c20069999bl tr pss s 0 0por c | ||
| 010 | |a 2009252911 | ||
| 016 | 7 | |a 2389901-3 |2 DE-600 | |
| 022 | |a 1980-993X |l 1980-993X | ||
| 035 | |a (WaSeSS)ssj0066380 | ||
| 040 | |a CGU |b eng |c CGU |d CGU |d WAU |d OCLCQ |d HEBIS |d OCLCQ |d OCLCF |d CUS |d OCLCO |d CUS |d OCLCQ |d AU@ |d WaSeSS | ||
| 041 | 0 | |a por |a eng |a spa | |
| 042 | |a pcc | ||
| 050 | 1 | 4 | |a GE1 |
| 210 | 1 | |a Rev. ambiente água | |
| 222 | 0 | |a Revista ambiente & água | |
| 245 | 0 | 0 | |a Revista ambiente & água |h [electronic resource] : |b an interdisciplinary journal of applied science. |
| 246 | 1 | 3 | |a Revista ambiente e água |
| 246 | 1 | 3 | |a Ambiente e água |
| 246 | 1 | 3 | |a Ambiente & água |
| 246 | 1 | 3 | |a A & A |
| 246 | 1 | 3 | |a Ambi-Agua |
| 260 | |a Taubaté : |b Curso de Pós-Graduação em Ciências Ambientais da Universidade de Taubaté | ||
| 310 | |a Three times a year | ||
| 362 | 1 | |a Began with: Vol. 1, no. 1 (agosto 2006). | |
| 506 | |a License restrictions may limit access. | ||
| 546 | |a In Portuguese, English and Spanish. | ||
| 588 | |a Description based on: Vol. 1, no. 1 (agosto 2006); title from journal home page (publisher's Web site, viewed July 17, 2009). | ||
| 588 | |a Latest issue consulted: Vol. 4, no. 1 (abril 2009) (viewed July 17, 2009). | ||
| 650 | 0 | |a Environmental sciences |v Periodicals. | |
| 650 | 0 | |a Hydrology |v Periodicals. | |
| 650 | 0 | |a Hydrogeology |v Periodicals. | |
| 650 | 7 | |a Environmental sciences. |2 fast |0 (OCoLC)fst00913474 | |
| 650 | 7 | |a Hydrogeology. |2 fast |0 (OCoLC)fst00965077 | |
| 650 | 7 | |a Hydrology. |2 fast |0 (OCoLC)fst00965147 | |
| 655 | 0 | |a Electronic journals. | |
| 856 | 4 | 0 | |z Full text available from Research Library: 01/01/2011 to present |u https://search.proquest.com/publication/426295 |